Rzeczowniki z przyimkami po angielsku - Statystyki

Ogólne statystyki
  • Ten quiz został rozwiązany 18 razy
  • Średni wynik to 4 z 29
Statystyki odpowiedzi
Odpowiedź po polsku Odpowiedź po angielsku % Poprawnych
argument przeciw (czemuś) argument against
56%
argument za (czymś) argument for
44%
zadurzenie, podkochiwanie się w (kimś) crush on
33%
doświadczenie w (jakiejś dziedzinie) experience in/experience with
33%
ekspert w (jakiejś dziedzinie) expert on
33%
wpływ na (kogoś/coś) [I] influence on
33%
talent do (czegoś) talent for
22%
krok naprzód w (jakiejś sprawie) a step forward in
11%
zakaz (czegoś) ban on
11%
kandydat na (jakieś stanowisko, do czegoś) candidate for
11%
lekarstwo na (coś) cure for
11%
wpływ na (coś /kogoś) [I] impact on
11%
wrażenie na (kimś) impression on
11%
plan na (coś) plan for
11%
badania na (jakiś temat) research on
11%
rozwiązanie (czegoś) solution to
11%
wartość (czegoś) value of
11%
działania przeciwko (komuś/czemuś) action against
0%
rada, wskazówka dotycząca (czegoś) advice on
0%
podejście do (czegoś) approach to
0%
nastawienie do (czegoś) attitude to
0%
kariera w (jakiejś dziedzinie) career in
0%
wada, minus (czegoś) disadvantage to/disadvantage of
0%
wyróżnienie w (jakiejś dziedzinie) distinction in
0%
wpływ na (coś/kogoś) [E] effect on
0%
przyjemność z (czegoś) pleasure in
0%
zastępstwo za (kogoś) replacement for
0%
odpowiedź na (coś) reply to
0%
gust (jakiegoś rodzaju) taste in
0%
Nie znaleziono quizów pasujących do podanych kryteriów
Rozkład punktacji
Procent ludzi z każdym wynikiem
Percentyl według liczby udzielonych odpowiedzi
Twoja historia wyników
Nie rozwiązałeś tego quizu